Jednoduché účtovníctvo - vývoj a súčasné problémy

Vývoj postupov účtovania v sústave jednoduchého účtovníctva. Legislatívne úpravy. Zákon o súkromnom podnikaní. Zásady FMF. Obchodný zákonník. Zákon o súkromnom podnikaní. Zásady vedenia účtovníctva. Opatrenia FMF. Postupy účtovania fyzických osôb.

Guardado en:
Detalles Bibliográficos
Autor principal: Pecháčová, Tatjana
Formato: Capítulo de libro
Lenguaje:eslovaco
Materias:
Etiquetas: Agregar Etiqueta
Sin Etiquetas, Sea el primero en etiquetar este registro!

MARC

LEADER 00000naa a2200000 4500
001 r022925
005 20221213095427.6
041 0 |a slo 
044 |a SK 
245 1 0 |a Jednoduché účtovníctvo - vývoj a súčasné problémy  |c Tatjana Pecháčová 
520 |a Vývoj postupov účtovania v sústave jednoduchého účtovníctva. Legislatívne úpravy. Zákon o súkromnom podnikaní. Zásady FMF. Obchodný zákonník. Zákon o súkromnom podnikaní. Zásady vedenia účtovníctva. Opatrenia FMF. Postupy účtovania fyzických osôb. 
610 2 0 |a účtovníctvo jednoduché 
610 2 0 |a legislatíva 
610 2 0 |a postupy účtovné 
610 2 0 |a účtovanie 
610 2 0 |a opatrenia 
610 2 0 |a FMF Praha 
610 2 0 |a zákony 
610 2 0 |a podnikanie súkromné 
610 2 0 |a osoby fyzické 
610 2 0 |a zákonník obchodný 
100 1 |a Pecháčová, Tatjana